The Miracles of your Mind (Record no. 369790)

MARC details
000 -LEADER
fixed length control field 00439nam a2200169 4500
005 - DATE AND TIME OF LATEST TRANSACTION
control field 20260108164041.0
008 - FIXED-LENGTH DATA ELEMENTS--GENERAL INFORMATION
fixed length control field 260108b |||||||| |||| 00| 0 eng d
020 ## - INTERNATIONAL STANDARD BOOK NUMBER
International Standard Book Number 978-93-86450-72-2
041 ## - LANGUAGE CODE
Language code of text/sound track or separate title English
082 ## - DEWEY DECIMAL CLASSIFICATION NUMBER
Classification number X 154.2 MUR
Item number B12140
100 ## - MAIN ENTRY--PERSONAL NAME
Author Murphy, Joseph
245 ## - TITLE STATEMENT
Title The Miracles of your Mind
260 ## - PUBLICATION, DISTRIBUTION, ETC.
Place of publication, distribution, etc. Mumbai
Name of publisher, distributor, etc. Embassy Book Distributors
Date of publication, distribution, etc. 2017
300 ## - PHYSICAL DESCRIPTION
Extent 104p
Other physical details pb
365 ## - TRADE PRICE
Price type code Rupaye
Price amount 125
Currency code INR
942 ## - ADDED ENTRY ELEMENTS (KOHA)
Koha item type Books
Holdings
Withdrawn status Lost status Source of classification or shelving scheme Damaged status Not for loan Collection code Home library Current library Date acquired Vendor Net Price Bill number Total Checkouts Full call number Barcode Date due Date last seen Date last checked out Actual Price Bill Date Koha item type Original Barcode
    Dewey Decimal Classification     Non-fiction Smt. Bakul Tambat Institute of Nursing Education Smt. Bakul Tambat Institute of Nursing Education 30/12/2025 Amazon(online) 171-8552891-3384363 125.00 XWNY-642798 1 X 154.2 MUR B12140 BTIN-BK-12140 28/07/2026 29/01/2026 29/01/2026 125.00 17/11/2025 Books BTIN-BK-12140